Estadísticas para Países menos Poblados A-Z

Haz click aquí para tomar la prueba!

Estadísticas generales

  • Esta prueba ha sido tomada 5.189 veces
  • La puntuación promedio es 15 de 23

Estadísticas de respuestas

PoblaciónPaís% Correcto
V      842Vaticano
93%
A    78,014Andorra
81%
M    38,400Mónaco
76%
Z14,497,000Zimbabue
76%
O 4,573,075Omán
74%
N    10,084Nauru
71%
S     33,121San Marino
71%
T     10,640Tuvalu
71%
Y   900,000Yibuti
70%
L    37,686Liechtenstein
69%
P    17,950Palaos
67%
F  869,458Fiyi
66%
K  113,400Kiribati
65%
I  55,500Islas Marshall
59%
R 4,741,000Ruanda
59%
H8,721,014Honduras
57%
D    71,293Dominica
55%
J2,727,246Jamaica
55%
B  285,000Barbados
53%
G  103,328Granada
53%
U 3,480,222Uruguay
49%
E 1,317,797Estonia
46%
C  531,239Cabo Verde
37%

Distribución de puntuación

Porcentaje por número respondido

Porcentaje de gente con cada puntuación

Historial de tus puntuaciones

No has tomado esta prueba